000 00820nam a22003130a 4500
001 PT45335
003 AR-LpoUNG
005 20210131231045.0
008 191001s2011||||uy |||||||||||||||||spa d
020 _a9789974684072
_c$4,80
040 _aAR-LpoUNG
_bspa
_cAR-LpoUNG
_eaacr
041 _aspa
044 _auy
082 0 _a808.068 3 453maq
100 1 _aWells, Herbert George
245 1 3 _aLa máquina del tiempo
250 _a1§ ed.
260 _aMontevideo :
_bLatinbooks,
_c2011.
300 _a72 p. :
_bil.
650 4 _aLITERATURA
650 4 _aNOVELAS
651 4 _aDOCUMENTOS TEORICOS O METODOLOGICOS
653 _aHISTORIETAS
653 _aLITERATURA INFANTOJUVENIL
700 1 _aBerduque, María Carolina
_etr.
700 1 _aDe Sabato, Juan Cruz
_etr.
905 _a45335
942 _cLIB
999 _c7749
_d7749